May contain nuts? the reality behind the rhetoric surrounding the British conservatives' new group in the European Parliament (Record no. 87545)

000 -LEADER
fixed length control field 00518pab a2200181 454500
008 - FIXED-LENGTH DATA ELEMENTS--GENERAL INFORMATION
fixed length control field 180718b2010 xxu||||| |||| 00| 0 eng d
100 ## - MAIN ENTRY--PERSONAL NAME
Personal name Bale, Tim
245 ## - TITLE STATEMENT
Title May contain nuts? the reality behind the rhetoric surrounding the British conservatives' new group in the European Parliament
260 ## - PUBLICATION, DISTRIBUTION, ETC.
Date of publication, distribution, etc. 2010
300 ## - PHYSICAL DESCRIPTION
Extent p.85-98.
362 ## - DATES OF PUBLICATION AND/OR SEQUENTIAL DESIGNATION
Dates of publication and/or sequential designation Jan-Mar
650 ## - SUBJECT ADDED ENTRY--TOPICAL TERM
Topical term or geographic name entry element Political parties
700 ## - ADDED ENTRY--PERSONAL NAME
Personal name Szczerbiak, Aleks
700 ## - ADDED ENTRY--PERSONAL NAME
Personal name Hanley, Sean
773 ## - HOST ITEM ENTRY
Main entry heading Political Quarterly
908 ## - PUT COMMAND PARAMETER (RLIN)
Put command parameter N
909 ## -
-- 87545
Holdings
Withdrawn status Lost status Damaged status Not for loan Permanent Location Current Location Date acquired Serial Enumeration / chronology Barcode Date last seen Price effective from Koha item type
        Indian Institute of Public Administration Indian Institute of Public Administration 2018-07-19 Volume no: 81, Issue no: 1 AR88005 2018-07-19 2018-07-19 Articles

Powered by Koha